000 00648nam a2200217Ia 4500
005 20241129104209.0
008 241129s9999||||xx |||||||||||||| ||und||
020 _a9781503629653
037 _aTextual
040 _aRTL
_beng
_cRTL
041 _aeng
_2eng
084 _aY15:3(X).46 R2
_qRTL
100 _aParrenas Rhacel; Salazar
245 0 _aUnfree: Migrant domestic work in Arab states
_cParrenas Rhacel; Salazar
260 _aCalifornia
_bStandford university Press
_c2022
300 _a221p.
365 _aINR
_b2089.55
650 _aLabor Studies
_9725196
942 _cTB
_hY15:3(X).46 R2
999 _c1224833
_d1224833